000 00454nam a2200145Ia 4500
008 230917s9999||||xx |||||||||||||| ||und||
040 _e39994
_aMAIN
041 _aEnglish
082 _a822.09 D759T
100 _aDowns, Harold, ed
245 0 _aTheatre and stage: an encyclopedia guide to the performance of all amateur dramatic, operatic, and theatrical work, V3
260 _aLondon
_bNew era Publishing
300 _aviii, 595-1181 p.
942 _cBK
999 _c45876
_d45876